000 00734nam a22002297a 4500
005 20240530110704.0
008 171225s2005 ua a g b 000 0 ara d
017 _bمصر. دار الكتب
040 _aEG-CaGPL
_cEG-CaGPL
082 0 4 _221
_a659.111\
_bع هـ
100 0 _aعبدالسلام ابوقحف
245 1 0 _aهندسة الاعلان /
_cعبدالسلام ابوقحف
250 _aط.1
260 _aالقاهرة :
_c2005 .
300 _a349 ص. :
_bايض ؛
_c24 سم.
650 0 7 _2qrmak
_aالاعلان
650 0 7 _2qrmak
_aادارة المبيعات
650 0 7 _2qrmak
_aالاعلان
_xدعاية
651 _2qrmak
942 _2ddc
_cBK
999 _c63893
_d63893